| 000 | 00522nam a2200205Ia 4500 | ||
|---|---|---|---|
| 008 | 230125s9999 xx 000 0 und d | ||
| 020 | _a9789350095829 | ||
| 041 | _aeng | ||
| 082 |
_a658.81 _bBAG |
||
| 100 |
_aBagchi S _9113403 |
||
| 245 | _aSell: The Art, The Science, The Witchcraft. | ||
| 260 |
_c2017 _bHachette Book. _aGurugram |
||
| 300 | _a244p | ||
| 440 | _v1 | ||
| 500 | _aSales management; | ||
| 650 | _aMarketing Management | ||
| 700 |
_aBagchi S _9113403 |
||
| 906 | _b29 | ||
| 999 |
_c95681 _d95681 |
||